<?xml version="1.0" encoding="UTF-8"?>
<record
    xmlns:xsi="http://www.w3.org/2001/XMLSchema-instance"
    xsi:schemaLocation="http://www.loc.gov/MARC21/slim http://www.loc.gov/standards/marcxml/schema/MARC21slim.xsd"
    xmlns="http://www.loc.gov/MARC21/slim">

  <leader>00301nam a2200145Ia 4500</leader>
  <datafield tag="100" ind1=" " ind2=" ">
    <subfield code="a">Khurmi/R.S. </subfield>
  </datafield>
  <datafield tag="650" ind1=" " ind2=" ">
    <subfield code="a">Production.</subfield>
  </datafield>
  <datafield tag="942" ind1=" " ind2=" ">
    <subfield code="c">BK</subfield>
  </datafield>
  <datafield tag="366" ind1=" " ind2=" ">
    <subfield code="f">20</subfield>
  </datafield>
  <datafield tag="245" ind1=" " ind2=" ">
    <subfield code="a">Strength Of Materials.</subfield>
  </datafield>
  <datafield tag="260" ind1=" " ind2=" ">
    <subfield code="b">S.Chand &amp; Co.</subfield>
    <subfield code="a">New Delhi.</subfield>
  </datafield>
  <datafield tag="082" ind1=" " ind2=" ">
    <subfield code="a">621.1/KHU</subfield>
  </datafield>
  <datafield tag="300" ind1=" " ind2=" ">
    <subfield code="a">765</subfield>
  </datafield>
  <datafield tag="546" ind1=" " ind2=" ">
    <subfield code="a">ENGLISH</subfield>
  </datafield>
  <datafield tag="999" ind1=" " ind2=" ">
    <subfield code="c">20399</subfield>
    <subfield code="d">20399</subfield>
  </datafield>
  <datafield tag="952" ind1=" " ind2=" ">
    <subfield code="0">0</subfield>
    <subfield code="1">0</subfield>
    <subfield code="4">0</subfield>
    <subfield code="7">0</subfield>
    <subfield code="8">AFT</subfield>
    <subfield code="a">CRCE</subfield>
    <subfield code="b">CRCE</subfield>
    <subfield code="c">1621 | 43 &amp; 44</subfield>
    <subfield code="d">2023-03-17</subfield>
    <subfield code="e">S.Chand &amp; Co.Ltd.</subfield>
    <subfield code="g">208.00</subfield>
    <subfield code="i">2172/dt.27/01/2006</subfield>
    <subfield code="l">0</subfield>
    <subfield code="o">621.1/KHU </subfield>
    <subfield code="p">AFT7937</subfield>
    <subfield code="r">2023-03-17</subfield>
    <subfield code="v">260.00</subfield>
    <subfield code="w">0000-00-00</subfield>
    <subfield code="y">BK</subfield>
  </datafield>
  <datafield tag="952" ind1=" " ind2=" ">
    <subfield code="0">0</subfield>
    <subfield code="1">0</subfield>
    <subfield code="4">0</subfield>
    <subfield code="7">0</subfield>
    <subfield code="8">AFT</subfield>
    <subfield code="a">CRCE</subfield>
    <subfield code="b">1234</subfield>
    <subfield code="c">1621 | 43 &amp; 44</subfield>
    <subfield code="d">2023-03-17</subfield>
    <subfield code="e">S.Chand &amp; Co.Ltd.</subfield>
    <subfield code="g">208.00</subfield>
    <subfield code="i">2172/dt.27/01/2006</subfield>
    <subfield code="l">1</subfield>
    <subfield code="o">621.1/KHU </subfield>
    <subfield code="p">AFT7938</subfield>
    <subfield code="r">2023-07-10</subfield>
    <subfield code="s">2023-07-10</subfield>
    <subfield code="v">260.00</subfield>
    <subfield code="w">0000-00-00</subfield>
    <subfield code="y">BK</subfield>
  </datafield>
  <datafield tag="952" ind1=" " ind2=" ">
    <subfield code="0">0</subfield>
    <subfield code="1">0</subfield>
    <subfield code="4">0</subfield>
    <subfield code="7">0</subfield>
    <subfield code="8">AFT</subfield>
    <subfield code="a">CRCE</subfield>
    <subfield code="b">CRCE</subfield>
    <subfield code="c">1621 | 43 &amp; 44</subfield>
    <subfield code="d">2023-03-17</subfield>
    <subfield code="e">S.Chand &amp; Co.Ltd.</subfield>
    <subfield code="g">208.00</subfield>
    <subfield code="i">2172/dt.27/01/2006</subfield>
    <subfield code="l">0</subfield>
    <subfield code="o">621.1/KHU </subfield>
    <subfield code="p">AFT7939</subfield>
    <subfield code="r">2023-03-17</subfield>
    <subfield code="v">260.00</subfield>
    <subfield code="w">0000-00-00</subfield>
    <subfield code="y">BK</subfield>
  </datafield>
  <datafield tag="952" ind1=" " ind2=" ">
    <subfield code="0">0</subfield>
    <subfield code="1">0</subfield>
    <subfield code="4">0</subfield>
    <subfield code="7">0</subfield>
    <subfield code="8">AFT</subfield>
    <subfield code="a">CRCE</subfield>
    <subfield code="b">1234</subfield>
    <subfield code="c">1621 | 43 &amp; 44</subfield>
    <subfield code="d">2023-03-17</subfield>
    <subfield code="e">S.Chand &amp; Co.Ltd.</subfield>
    <subfield code="g">208.00</subfield>
    <subfield code="i">2172/dt.27/01/2006</subfield>
    <subfield code="l">1</subfield>
    <subfield code="o">621.1/KHU </subfield>
    <subfield code="p">AFT7940</subfield>
    <subfield code="r">2023-06-14</subfield>
    <subfield code="s">2023-06-12</subfield>
    <subfield code="v">260.00</subfield>
    <subfield code="w">0000-00-00</subfield>
    <subfield code="y">BK</subfield>
  </datafield>
  <datafield tag="952" ind1=" " ind2=" ">
    <subfield code="0">0</subfield>
    <subfield code="1">0</subfield>
    <subfield code="4">0</subfield>
    <subfield code="7">0</subfield>
    <subfield code="8">AFT</subfield>
    <subfield code="a">CRCE</subfield>
    <subfield code="b">CRCE</subfield>
    <subfield code="c">1621 | 43 &amp; 44</subfield>
    <subfield code="d">2023-03-17</subfield>
    <subfield code="e">S.Chand &amp; Co.Ltd.</subfield>
    <subfield code="g">208.00</subfield>
    <subfield code="i">2172/dt.27/01/2006</subfield>
    <subfield code="l">0</subfield>
    <subfield code="o">621.1/KHU </subfield>
    <subfield code="p">AFT7941</subfield>
    <subfield code="r">2023-03-17</subfield>
    <subfield code="v">260.00</subfield>
    <subfield code="w">0000-00-00</subfield>
    <subfield code="y">BK</subfield>
  </datafield>
</record>
